| 000 | 00384nam a2200133Ia 4500 | ||
|---|---|---|---|
| 008 | 220216s9999 xx 000 0 und d | ||
| 100 | _aMorris Norhayati D | ||
| 245 | 0 | _aDetermination of phosphorus in rubber by nitric acid digestion | |
| 260 |
_bJournal of Natural Rubber Research _c1992 |
||
| 300 | _a219-222 | ||
| 700 | _aJakathesa D | ||
| 700 | _aMohd Ali Mohd Din | ||
| 942 | _cJS | ||
| 999 |
_c56903 _d56903 |
||